00767nam a2200241 a 450000100060000000300090000600500170001500800410003202000180007304000280009104100080011908200140012710000180014124501270015926000480028630000270033450000220036165000250038365000390040865000410044770000240048885200130051224800CO-ViMGA20230915232018.0141112s2004 ck r 000 u spa d a9786077070306 aCO-ViMGAbspacCO-ViMGA aspa04a778 C83p1 aCuevas, Erik.10aProcesamiento digital de imágenes usando MatLAB & Simulink / cErik Cuevas, Daniel Zaldívar, Marco Pérez - Cisneros. aMéxico : bAlfaomega : bRa - Ma, c2010. a815 p. : il. ; 24 cm. aIncluye índice.14aFotografía digital14aMatlab (Programa para computador) 14aProcesamiento digital de imágenes 1 aZaldívar, Daniel. 17.648.30